| 000 | 01857nam a2200313Ia 4500 | ||
|---|---|---|---|
| 999 |
_c37543 _d37543 |
||
| 001 | 3508 | ||
| 003 | GE_BSU | ||
| 005 | 20190619145006.0 | ||
| 008 | 181216s2009||||ge |||||||||||||| ||geo|| | ||
| 020 | _a9789941021206 | ||
| 040 | _cGE_BSU | ||
| 080 | _a371.213.1 მ–30 | ||
| 100 |
_aმარზანო, რობერტ ჯ. _92600 |
||
| 245 |
_cრობერტ ჯ. მარზანო, იანა ს. მარზანო, დებრა ჯ. ფიქერინგი ; მთარგმნ.: მაია ჩანქსელიანი, თეო ნეფარიძე ; რედ. ნათია ნაცვლიშვილი. _aკლასის მართვა: კვლევებზე დაყრდნობით შემუშავებული მეთოდები მასწავლებლებისათვის / |
||
| 250 | _aპირველი ქართული გამოცემა | ||
| 264 |
_aთბილისი, _c2009. |
||
| 300 |
_a161 გვ.; _b24 სმ. |
||
| 500 | _aდანართი: გვ. 140-150. | ||
| 504 | _aბიბლიოგრ.: გვ. 151-158. | ||
| 653 | _aკლასის ხელმძღვანელი | ||
| 653 | _aმასწავლებლები | ||
| 653 | _aდისციპლინა სკოლაში | ||
| 700 |
_aმარზანო, იანა ს. _eავტორი _92601 |
||
| 700 |
_aფიქერინგი, დებრა ჯ. _eავტორი _92602 |
||
| 700 |
_aჩანქსელიანი, მაია _eმთარგმნელი _92570 |
||
| 700 |
_aნეფარიძე, თეო _eმთარგმნელი _92571 |
||
| 700 |
_aნაცვლიშვილი, ნათია _eრედაქტორი _9890 |
||
| 942 |
_cBK _2udc |
||